01171nab a22002177a 4500003000400000005001700004008004100021040000700062100002400069245007300093260007300166300001100239500007500250505031800325505008900643650002900732650001800761650002900779650001300808773013200821OSt20251226211805.0190603e xxum|||| |||| 00| 0 spa d cPJ aBasavilbaso, Marina10aFirma digital transfronteriza en el Mercosur /cMarina Basavilbaso.  cCiudad Autónoma de Buenos Aires :aThomson Reuters La Ley, b2025. ap. 5-9 aCita: TR LALEY AR/DOC/1040/2025 Publicado en: RCCyC 2025 (junio) , 5. aSumario: I. Introducción.— II. Breve recapitulación sobre la firma digital y firma electrónica en Argentina.— III. Apuntes básicos sobre las firmas digitalizadas en Uruguay, Paraguay y Brasil.— IV. Acuerdo de reconocimiento mutuo de certificados de firma digital en el Mercosur.— V. Conclusión.  t¿Te interesa el texto completo? Solicitalo al correo: koha@justierradelfuego.gov.ar 0aCODIGO CIVIL Y COMERCIAL 0aFIRMA DIGITAL 0aTRATADOS INTERNACIONALES 0aMERCOSUR0 02713dCiudad Autónoma de Buenos Aires : Thomson Reuters La Ley, 2015-tRevista Código Civil y Comercial. Nº 3 - Junio 2025